000 00831nam a22002537a 4500
005 20130902152816.0
010 _aENG-108399
020 _c795.00
_a9788120347649
035 _aEN-91932
037 _bDBAD/PUB
082 _a005.446
100 _aLowe, Scott D.
245 0 0 _aTraining Guide :
_cby Scott D. Lowe, Derek Schauland [and] Rick W. Vanover
_bconfiguring Windows 8 /
246 _aConfiguring Windows 8
246 _aConfiguring Windows 8 training guide
260 _aDelhi
_bPHI Learning
_c2013
270 _aRimjhim house,111, Patparganj Industrial Estate
_bDelhi
_e110092
300 _axxii,590p. :
_c24cm(pbk)
_bill.
500 _aIncludes index
650 _a Operating systems (Computers)
700 _aSchauland, Derek
700 _aVanover, Rick W.
942 _2ddc
_cEN
_mLOW
_h005.446
999 _c78895
_d78895